A Textbook of Heat and Mass Transfer/ (Record no. 192150)

MARC details
000 -LEADER
fixed length control field 00602nam a22001937a 4500
005 - DATE AND TIME OF LATEST TRANSACTION
control field 20220912162426.0
010 ## - LCCN (DPL NO)
LC control number ENG-135031
020 ## - INTERNATIONAL STANDARD BOOK NUMBER
International Standard Book Number 9789352533848
Terms of availability 625.00
035 ## - SYSTEM CONTROL NUMBER
System control number EN-118563
037 ## - SOURCE OF ACQUISITION
Source of stock number/acquisition DBAD/PUB
082 ## - DEWEY DECIMAL CLASSIFICATION NUMBER
Classification number 621.4022
100 ## - MAIN ENTRY--PERSONAL NAME
Personal name Rajput, R.K.
245 ## - TITLE STATEMENT
Title A Textbook of Heat and Mass Transfer/
Statement of responsibility, etc by R.K. Rajput
250 ## - EDITION STATEMENT
Edition statement 7e
260 ## - PUBLICATION, DISTRIBUTION, ETC. (IMPRINT)
Place of publication, distribution, etc New Delhi
Name of publisher, distributor, etc S Chand and Company Limited
Date of publication, distribution, etc 2018
270 ## - ADDRESS
Address 7361, Ram Nagar, Qutab Road
City New Delhi
Postal code 110056
Electronic mail address info@schandpublishing.com
300 ## - PHYSICAL DESCRIPTION
Extent xvii, 915p.
Other physical details Index
Dimensions 24cm(pbk)
942 ## - ADDED ENTRY ELEMENTS (KOHA)
Source of classification or shelving scheme Dewey Decimal Classification
Item type English Books
Classification part 621.4022
Call number suffix RAJ
Holdings
Withdrawn status Lost status Not for loan Collection code Home library Current library Date acquired Source of acquisition Cost, normal purchase price Full call number Barcode Copy number Cost, replacement price Koha item type
      Non-fiction Shahdara Branch Shahdara Branch 12/09/2022 DBAD/PUB 625.00 621.4022 RAJ EN-118563 1 625.00 English Books

© Delhi Public Library
Hit Counter
free hit counter